000 00416nam a22001817a 4500
003 OSt
008 250331b |||||||| |||| 00| 0 eng d
020 _a9789355737823
082 _a658.80285 CAB
100 _aCARROLL,Archie B
245 _aBusiness and Society
250 _a10th Ed
260 _aNew Delhi
_bCengage
300 _a765
700 _aBROWN,Jill
700 _aBUCHHOLTZ,Ann K
942 _2ddc
_cBK
999 _c13186
_d13186